Teoretická elektrotechnika

Gespeichert in:
Bibliographische Detailangaben
1. Verfasser: Trnka, Zdeněk (Verfasst von)
Format: Buch
Sprache:Tschechisch
Veröffentlicht: Praha : SNTL, 1972
Ausgabe:4. vyd.
Tags: Tag hinzufügen
Keine Tags, Fügen Sie das erste Tag hinzu!

MARC

LEADER 00000nam a22000003a 4500
001 stu52887
005 20150617225704.5
008 000329s1972----cs------------------cze-d
040 |a STU  |b slo 
041 0 |a cze 
044 |a cs 
080 |a 621.3.01  |7 stu_us_auth*stu8259 
100 1 |a Trnka, Zdeněk  |4 aut 
245 1 |a Teoretická elektrotechnika 
250 |a 4. vyd. 
260 |a Praha :  |b SNTL,  |c 1972 
300 |a 410 s 
996 |b 284EK03739  |c E*29144  |l EE01  |s A  |a 24  |w stu52887_0001 
996 |b 284EK83429  |c E*83429  |l EE0101  |s P  |a 0  |w stu52887_0005